1854 1013 1653 1626 1673 1838 1645 1367 1872 1412 1253 1353 1466 1143 1693 1886 1104 1864 1473 1271 1354 1173 1938 1925 1820 1018 1512 1727 1277 1216 1758 1516 1000 1619 1869 1620 2000 1222 1334 1746 1483 1227 1135 1972 1824 1382 1290 1444 1278 1764 1953 1370 1176 1889 1739 1666 1398 1215 1848 1946 1376 1253 1226 1957 1759 1651 1104 1664 1612 1793 1186 1572 1351 1116 1975 1870 1389 1016 1820 1118 1694 1291 1790 1079 1506 1752 1329 1276 1111 1879 1453 1435 1872 1457 1424 1271 1345 1917 1516 BCNSPRNW ULIB Ver.6.0+V

เปลี่ยนเป็นภาษาไทย

Change to English
 แสดงรายละเอียดบรรณานุกรม
  กลับหน้าหลัก

Brief Record : Get Marc (ISO 2709) : E-mail record : QR code < ปิดหน้าต่าง
LEADER : 00000nam 2200000uu 4500
001    13399108830
003     ULIB
008    110315s2544||||th 000 0 tha d
020    9742942544
060 04 W84.6^bว282พ 2544
100 0  วนัสรา เชาวน์นิยม
245 10 ผลการดำเนินงานสาธารณสุขมูลฐานในภาคกลาง /^cวนัสรา เชาวน์นิยม,มาลี ทวีวุฒิอมร
250    พิมพ์ครั้งที่ 1
260    [กรุงเทพฯ] :^bศูนย์ฝึกอบรมและพัฒนาการสาธารณสุขมูลฐานภาคกลาง,^c2544
300    150 หน้า ;^c26 ซม.
650  7 สาธารณสุขมูลฐาน
650  7 สาธารณสุขมูลฐานในภาคกลาง
700 0  มาลี ทวีวุฒิอมร
710 2  ศูนย์ฝึกอบรมและพัฒนาการสาธารณสุขมูลฐาน ภาคกลาง
945    ^p0^l0^i015701
995    ทศพร
999 ^a ใช้งานได้ทุกระบบ
รายการนี้ยังไม่มีแท็ก
คุณยังไม่ได้ล็อกอิน คุณสามารถมีกิจกรรมร่วมกับเว็บไซต์ได้ แต่ต้องล็อกอินก่อน ::
  ล็อกอิน

รายการสื่อสารสนเทศ

ลำดับที่ ประเภท เลขเรียก/บาร์โค้ด สถานที่ สถานะ
- ไม่พบข้อมูล -

รายการใกล้เคียง
    ผู้แต่ง [วนัสรา เชาวน์นิยม]

    หัวเรื่อง [สาธารณสุขมูลฐาน]

BibComment


ยังไม่เคยถูกคอมเมนท์

คอมเมนท์ทรัพยากรรายการนี้
  คอมเมนท์: ผลการดำเนินงานสาธ..


 Copyright 2026. Bcnsprnw @Library